La herencia de los recursos naturales (Registro nro. 407)

Detalles MARC
000 -Cabecera
Campo de control de longitud fija 00537aam a2200217 4500
005 - Fecha y hora de la última transacción
Campo de control 20230929112836.0
008 - Elementos de longitud fija--Información general
Campo de control de longitud fija 150730b1990 xxu||||| |||| 00| 0 spa d
041 ## - Idioma
Código de idioma Español
082 ## - Clasificación Decimal Dewey
Número de clasificación 303.44 U48h
100 ## - Entrada principal--Autor personal
Nombre personal Umaña Q., Alvaro
9 (RLIN) 17437
245 ## - Título propiamente dicho
Título La herencia de los recursos naturales
260 ## - Pie de imprenta
Lugar de publicación, distribución, etc. Costa Rica
260 ## - Pie de imprenta
Nombre del editor, distribuidor, etc. Imprenta Nacional
260 ## - Pie de imprenta
Fecha de publicación, distribución, etc. 1990
300 ## - Descripción física
Extensión 241 páginas
650 ## - Materia general
Temática (materia general) COSTA RICA
650 ## - Materia general
Temática (materia general) ENERGÍA
650 ## - Materia general
Temática (materia general) TELECOMUNICACIONES
650 ## - Materia general
Temática (materia general) DESARROLLO SOSTENIBLE
942 ## - Punto de acceso adicional KOHA
Tipo de ítem KOHA Libro
Fuente del sistema de clasificación o colocación Dewey Decimal Classification
Existencias
Signatura completa Código de barras Tipo de ítem
303.44 U48h 2112 Libro